| 000 | 00976nac a22003017a 4500 | ||
|---|---|---|---|
| 001 | BR7603426 | ||
| 003 | BR-BrBNA | ||
| 005 | 20240105113952.0 | ||
| 008 | 230509b bl.|||m| |||| 00| 0 por d | ||
| 040 |
_aBR-BrBNA _bpor _cBiblioteca Nacional de Agricultura |
||
| 072 | _aF00; E15 | ||
| 090 | _a1000 BR7603426 | ||
| 100 | 1 | _aPoltronieri, L.C. | |
| 110 | 1 |
_aUniversidade de Sao Paulo, Sao Paulo (Brasil). Inst. de Geografia _910547 |
|
| 245 | 1 | _aDifusao espacial da citricultura no estado de Sao Paulo [Brasil] | |
| 260 | 3 |
_aSao Paulo, SP (Brasil): _c1976. |
|
| 300 | _a105 p. | ||
| 490 |
_aTeses e Monografias - Universidade de Sao Paulo. Inst. de Geografia (Brazil) _vno. 27 _x |
||
| 500 | _a33 ref.; 42 illus. | ||
| 650 | _aFRUTA CITRICA | ||
| 650 | _aCITRICULTURA | ||
| 650 | _aPRATICA CULTURAL | ||
| 650 | _aRENDIMENTO | ||
| 650 | _aECONOMIA AGRICOLA | ||
| 650 | _aSAO PAULO | ||
| 909 |
_a202312 _bLúcia Elande _c55 _dLúcia Elande |
||
| 942 |
_2AGRIS _n0 _cMS |
||
| 999 |
_c266639 _d266639 |
||